| 000 | 00534nam a22001577a 4500 | ||
|---|---|---|---|
| 008 | 230616b |||||||| |||| 00| 0 eng d | ||
| 040 |
_aNational Science Library _cNational Science Library |
||
| 080 |
_a621.9(082.2) _bN9 |
||
| 245 | _aProceedings of the 18th all India manufacturing technology design and research conference 21-23 December, 1998 Kharagpur | ||
| 260 |
_aLondon: _bNarosa Publishing House, _c1998 |
||
| 300 | _a618p. | ||
| 650 | _aScience | ||
| 653 | _aTechnology | ||
| 700 | _aPaul, S (Ed.) | ||
| 942 |
_2udc _cPR |
||
| 999 |
_c44476 _d44476 |
||